000 00536nam a2200205 4500
003 OSt
005 20260530113900.0
008 260507b2005 |||a|||| |||| 001 0 spa d
020 _a968232596X
040 _aICI
_bspa
_cICI
050 _aNC1002
_bR63
100 1 _aRodríguez González, Abelardo
_932235
245 1 0 _aLogo, ¿Qué?
264 1 _bSiglo XXI Editores
_c2005
_aMéxico
300 _a240 páginas
336 _atexto
_2rdacontent
337 _asin medio
_2rdamedia
338 _avolumen
_2rdacarrier
942 _2lcc
_cBK
_n1
999 _c11767
_d11767